Mystery of Smugglers Cove / (Record no. 14616)
[ view plain ]
| 000 -LEADER | |
|---|---|
| fixed length control field | 02053pam a2200349 i 4500 |
| 001 - CONTROL NUMBER | |
| control field | B-265100-105 |
| 005 - DATE AND TIME OF LATEST TRANSACTION | |
| control field | 20080729100853.0 |
| 008 - FIXED-LENGTH DATA ELEMENTS--GENERAL INFORMATION | |
| fixed length control field | 080729t xxu||||| |||| 00| 0 eng d |
| 010 ## - LIBRARY OF CONGRESS CONTROL NUMBER | |
| LC control number | B-265100-105 |
| 020 ## - INTERNATIONAL STANDARD BOOK NUMBER | |
| International Standard Book Number | 0448437015 |
| 035 ## - SYSTEM CONTROL NUMBER | |
| System control number | B-265100-105 |
| 040 ## - CATALOGING SOURCE | |
| Original cataloging agency | DPL |
| Language of cataloging | EN |
| 082 ## - DEWEY DECIMAL CLASSIFICATION NUMBER | |
| Classification number | S |
| 100 ## - MAIN ENTRY--PERSONAL NAME | |
| Personal name | Dixon, Franklin W. |
| 245 ## - TITLE STATEMENT | |
| Title | Mystery of Smugglers Cove / |
| Statement of responsibility, etc | by Franklin W. Dixon |
| 260 ## - PUBLICATION, DISTRIBUTION, ETC. (IMPRINT) | |
| Place of publication, distribution, etc | New York : |
| Name of publisher, distributor, etc | Wanderer Books, |
| Date of publication, distribution, etc | 2005 |
| 300 ## - PHYSICAL DESCRIPTION | |
| Extent | 181 p. : |
| Other physical details | ill. ; |
| Dimensions | 20 cm (Hb) |
| 490 ## - SERIES STATEMENT | |
| Series statement | The Hardy boys mystery stories ; 64 |
| 520 ## - SUMMARY, ETC. | |
| Summary, etc | The art collector who suspects the Hardy boys of stealing one of his valuable paintings offers them a chance to prove their innocence by hiring them to find the painting and the real culprits. |
| 650 ## - SUBJECT ADDED ENTRY--TOPICAL TERM | |
| Topical term or geographic name as entry element | Mystery and detective stories. |
| 700 ## - ADDED ENTRY--PERSONAL NAME | |
| Personal name | Morrill, Leslie H. |
| 942 ## - ADDED ENTRY ELEMENTS (KOHA) | |
| Source of classification or shelving scheme | Dewey Decimal Classification |
| Koha item type | Children Books |
| Classification part | S |
| Call number suffix | DIX |
| Withdrawn status | Lost status | Damaged status | Not for loan | Collection code | Home library | Current library | Date acquired | Cost, normal purchase price | Total Checkouts | Total Renewals | Full call number | Barcode | Date last seen | Date checked out | Copy number | Cost, replacement price | Price effective from | Koha item type | Source of classification or shelving scheme | Source of acquisition |
|---|---|---|---|---|---|---|---|---|---|---|---|---|---|---|---|---|---|---|---|---|
| Fiction | Bawana | Bawana | 29/07/2008 | 135.00 | 2 | S DIX | B-265104 | 01/02/2022 | 23/12/2021 | 1 | 135.00 | 15/09/2008 | Children Books | Dewey Decimal Classification | ||||||
| Fiction | Central Library | Central Library | 29/07/2008 | 135.00 | 5 | 6 | S / DIX | B-265100 | 08/05/2024 | 26/03/2024 | 1 | 135.00 | 15/09/2008 | Children Books | ||||||
| Fiction | Patel Nagar | Patel Nagar | 29/07/2008 | 135.00 | 1 | S / DIX | B-265101 | 13/01/2019 | 05/01/2019 | 1 | 135.00 | 15/09/2008 | Children Books | |||||||
| Fiction | Peshwa Road | Peshwa Road | 29/07/2008 | 135.00 | S / DIX | B-265102 | 15/09/2008 | 1 | 135.00 | 15/09/2008 | Children Books | |||||||||
| Fiction | Sarojini Nagar | Sarojini Nagar | 29/07/2008 | 135.00 | 7 | 2 | S / DIX | B-265103 | 19/06/2024 | 13/06/2024 | 1 | 135.00 | 15/09/2008 | Children Books | ||||||
| Fiction | Shahdara Branch | Shahdara Branch | 29/07/2008 | 135.00 | 2 | S / DIX | B-265105 | 24/06/2019 | 14/06/2019 | 1 | 135.00 | 15/09/2008 | Children Books | |||||||
| Fiction | Vinoba Puri | Vinoba Puri | 08/09/2008 | 135.00 | 3 | S DIX | B-284734 | 09/01/2014 | 04/01/2014 | 1 | 135.00 | 15/09/2008 | Children Books | Blueberry/4571/19.8.08/192/21.7.08/19.8.08 |
